<?xml version="1.0" encoding="UTF-8"?>
<record
    xmlns:xsi="http://www.w3.org/2001/XMLSchema-instance"
    xsi:schemaLocation="http://www.loc.gov/MARC21/slim http://www.loc.gov/standards/marcxml/schema/MARC21slim.xsd"
    xmlns="http://www.loc.gov/MARC21/slim">

  <leader>01624nam a2200265 a 4500</leader>
  <controlfield tag="001">81817</controlfield>
  <controlfield tag="003">BD-RjUL</controlfield>
  <controlfield tag="005">20230830113958.0</controlfield>
  <controlfield tag="008">230830s2021    bg a|||| m||| 00| 0 ben d</controlfield>
  <datafield tag="035" ind1=" " ind2=" ">
    <subfield code="a">(BD-RjUL)81817</subfield>
  </datafield>
  <datafield tag="040" ind1=" " ind2=" ">
    <subfield code="a">BD-RjUL</subfield>
    <subfield code="b">ben/eng</subfield>
    <subfield code="c">BD-RjUL</subfield>
    <subfield code="d">BD-RjUL</subfield>
  </datafield>
  <datafield tag="041" ind1=" " ind2=" ">
    <subfield code="a">ben</subfield>
  </datafield>
  <datafield tag="082" ind1=" " ind2=" ">
    <subfield code="2">23</subfield>
    <subfield code="a">808.8199</subfield>
    <subfield code="b">MAB 2021</subfield>
  </datafield>
  <datafield tag="100" ind1=" " ind2=" ">
    <subfield code="a">&#x9AE;&#x9BE;&#x9B9;&#x9AE;&#x9C1;&#x9A6;, &#x9AE;&#x9CB;: &#x986;&#x9AC;&#x9CD;&#x9A6;&#x9C1;&#x9B2;&#x9CD;&#x9B2;&#x9BE;&#x9B9; &#x986;&#x9B2;</subfield>
    <subfield code="9">8703</subfield>
  </datafield>
  <datafield tag="245" ind1="1" ind2="0">
    <subfield code="a">&#x9AC;&#x997;&#x9C1;&#x9A1;&#x9BC;&#x9BE; &#x985;&#x99E;&#x9CD;&#x99A;&#x9B2;&#x9C7;&#x9B0; &#x995;&#x9AC;&#x9BF;&#x997;&#x9BE;&#x9A8; :</subfield>
    <subfield code="b">&#x98F;&#x995;&#x99F;&#x9BF; &#x986;&#x9B0;&#x9CD;&#x9A5;-&#x9B8;&#x9BE;&#x9AE;&#x9BE;&#x99C;&#x9BF;&#x995; &#x9B8;&#x9AE;&#x9C0;&#x995;&#x9CD;&#x9B7;&#x9BE; /</subfield>
    <subfield code="c">&#x9AE;&#x9CB;: &#x986;&#x9AC;&#x9CD;&#x9A6;&#x9C1;&#x9B2;&#x9CD;&#x9B2;&#x9BE;&#x9B9; &#x986;&#x9B2; &#x9AE;&#x9BE;&#x9B9;&#x9AE;&#x9C1;&#x9A6;</subfield>
    <subfield code="6">&#x9A4;&#x9A4;&#x9CD;&#x9AC;&#x9BE;&#x9AC;&#x9A7;&#x9BE;&#x9AF;&#x9BC;&#x995; : &#x9AE;&#x9CB;. &#x986;&#x996;&#x9A4;&#x9BE;&#x9B0; &#x9B9;&#x9CB;&#x9B8;&#x9C7;&#x9A8;</subfield>
  </datafield>
  <datafield tag="246" ind1=" " ind2=" ">
    <subfield code="a">THE KOBIGAN OF BOGRA REGION: </subfield>
    <subfield code="b">A SOCIO-ECONOMIC OBSERVATION /</subfield>
  </datafield>
  <datafield tag="260" ind1=" " ind2=" ">
    <subfield code="a">&#x9B0;&#x9BE;&#x99C;&#x9B6;&#x9BE;&#x9B9;&#x9C0; :</subfield>
    <subfield code="b">&#x9AB;&#x9CB;&#x995;&#x9B2;&#x9CB;&#x9B0; &#x9AC;&#x9BF;&#x9AD;&#x9BE;&#x997;,&#x9B0;&#x9BE;&#x99C;&#x9B6;&#x9BE;&#x9B9;&#x9C0; &#x9AC;&#x9BF;&#x9B6;&#x9CD;&#x9AC;&#x9AC;&#x9BF;&#x9A6;&#x9CD;&#x9AF;&#x9BE;&#x9B2;&#x9AF;&#x9BC;</subfield>
    <subfield code="c">&#x9E8;&#x9E6;&#x9E8;&#x9E7;</subfield>
  </datafield>
  <datafield tag="300" ind1=" " ind2=" ">
    <subfield code="a">[&#x9EE;], &#x9EA;&#x9E7;&#x9E6; &#x9AA;&#x9BE;&#x9A4;&#x9BE; :</subfield>
    <subfield code="b">&#x99A;&#x9A4;&#x9CD;&#x9B0;.;</subfield>
    <subfield code="c">&#x9E8;&#x9EF; &#x9B8;&#x9C7;&#x9AE;&#x9BF;.</subfield>
  </datafield>
  <datafield tag="502" ind1=" " ind2=" ">
    <subfield code="a">&#x9A5;&#x9BF;&#x9B8;&#x9BF;&#x9B8;(&#x9AA;&#x9BF;&#x98F;&#x987;&#x99A;.&#x9A1;&#x9BF;.)-- &#x9AB;&#x9CB;&#x995;&#x9B2;&#x9CB;&#x9B0; &#x9AC;&#x9BF;&#x9AD;&#x9BE;&#x997;,&#x9B0;&#x9BE;&#x99C;&#x9B6;&#x9BE;&#x9B9;&#x9C0; &#x9AC;&#x9BF;&#x9B6;&#x9CD;&#x9AC;&#x9AC;&#x9BF;&#x9A6;&#x9CD;&#x9AF;&#x9BE;&#x9B2;&#x9AF;&#x9BC;,&#x9E8;&#x9E6;&#x9E8;&#x9E7;</subfield>
  </datafield>
  <datafield tag="504" ind1=" " ind2=" ">
    <subfield code="a">&#x997;&#x9CD;&#x9B0;&#x9A8;&#x9CD;&#x9A5;&#x9AA;&#x99E;&#x9CD;&#x99C;&#x9BF; : &#x9AA;&#x9BE;&#x9A4;&#x9BE; &#x9E7;&#x9EB;&#x9EF;-&#x9E7;&#x9EC;&#x9E6;</subfield>
  </datafield>
  <datafield tag="650" ind1=" " ind2=" ">
    <subfield code="a">&#x995;&#x9AC;&#x9BF;&#x997;&#x9BE;&#x9A8;</subfield>
    <subfield code="x">&#x990;&#x9A4;&#x9BF;&#x9B9;&#x9BE;&#x9B8;&#x9BF;&#x995; &#x9B8;&#x9AE;&#x9AF;&#x9BC;&#x995;&#x9BE;&#x9B2;</subfield>
    <subfield code="z">&#x9AC;&#x9BE;&#x982;&#x9B2;&#x9BE;&#x9A6;&#x9C7;&#x9B6;</subfield>
    <subfield code="z">&#x9AC;&#x997;&#x9C1;&#x9A1;&#x9BC;&#x9BE; &#x985;&#x99E;&#x9CD;&#x99A;&#x9B2;</subfield>
    <subfield code="9">8704</subfield>
  </datafield>
  <datafield tag="650" ind1=" " ind2=" ">
    <subfield code="a">Poetry</subfield>
    <subfield code="x">Historical period</subfield>
    <subfield code="z">Bangladesh</subfield>
    <subfield code="z">Bogra region</subfield>
    <subfield code="9">8705</subfield>
  </datafield>
  <datafield tag="700" ind1=" " ind2=" ">
    <subfield code="a">&#x9B9;&#x9CB;&#x9B8;&#x9C7;&#x9A8;, &#x9AE;&#x9CB;. &#x986;&#x996;&#x9A4;&#x9BE;&#x9B0;, &#x9A4;&#x9A4;&#x9CD;&#x9AC;&#x9BE;&#x9AC;&#x9A7;&#x9BE;&#x9AF;&#x9BC;&#x995;  </subfield>
    <subfield code="9">2437</subfield>
  </datafield>
  <datafield tag="942" ind1=" " ind2=" ">
    <subfield code="2">ddc</subfield>
    <subfield code="c">THE</subfield>
  </datafield>
  <datafield tag="999" ind1=" " ind2=" ">
    <subfield code="c">81817</subfield>
    <subfield code="d">81817</subfield>
  </datafield>
  <datafield tag="952" ind1=" " ind2=" ">
    <subfield code="1">0</subfield>
    <subfield code="2">ddc</subfield>
    <subfield code="4">0</subfield>
    <subfield code="7">1</subfield>
    <subfield code="8">THESES</subfield>
    <subfield code="a">RUCL</subfield>
    <subfield code="b">RUCL</subfield>
    <subfield code="c">Doc/The</subfield>
    <subfield code="d">2023-04-01</subfield>
    <subfield code="e">Controller of Exam. R.U.</subfield>
    <subfield code="l">0</subfield>
    <subfield code="o">BTHE 808.8199 MAB 2021</subfield>
    <subfield code="p">D4819</subfield>
    <subfield code="r">2023-08-30 00:00:00</subfield>
    <subfield code="t">C-1</subfield>
    <subfield code="y">THE</subfield>
  </datafield>
</record>
